000 00632nam a2200229 i 4500
001 C2-0315845
003 PPAK
005 20180728111702.0
008 120708s2009 xxka|||| ||||| | eng d
020 _a9781848101425
040 _aPPAK
_beng
_cPPAK
_erda
082 0 4 _a595.754
_223
090 0 0 _a595.754
_bBUG
_dR
245 0 0 _aBugs
264 1 _aUnited Kingdom :
_bMiles Kelly Publishing ,
_c2009
300 _a384 pages :
_bcolour illustrations ;
_c21 cm
336 _2rdacontent
_atext
337 _2rdamedia
_aunmediated
338 _2rdacarrier
_avolume
650 1 0 _aBugs. ; Heteroptera. ; Hemiptera.
942 _ddc
_cB
999 _c116995
_d116995